000 00722nam a2200229 i 4500
001 bg
100 1 _aSKOWRON, Stanisław
245 1 0 _aZarządzanie w górnictwie w perspektywie strategicznej /
_cStanisław Skowron ; Politechnika Lubelska.
260 _aLublin :
_bWydaw. PL,
_c2000.
300 _a286, 99 s. :
_bil. ;
_c24 cm.
504 _aBibliogr. przy pracach.
650 9 _aGórnictwo
_xorganizacja
_zPolska
_yod 1989 r.
650 9 _aZarządzanie
_xprzemysł
_zPolska
_yod 1989 r.
710 0 _aPolitechnika Lubelska
020 _a8388110713
040 _cBPK
041 0 _apl
080 _a338.45::622(438)"1989/..."
920 _a83-88110-71-3
942 _cKS
008 s pl f |000 0 pol
999 _c38827
_d38827
856 _uhttp://koha.tu.koszalin.pl/cgi-bin/koha/opac-detail.pl?biblionumber=38827
_yKatalog online BPK